00905nam a2200265 u 450000100070000000500170000700800410002403500110006503500210007604000130009704100080011008000070011810000390012524500380016426000700020230000180027265000450029065000210033565000340035665000220039065000350041294200090044799900170045695201660047314834420260506075453.0971121s1946 spa  a148344 a(OCoLC)777998704 ccomduadb aspa aWE10aKey, John Albert4auteaut931543910aFracturas, luxaciones y esguinces aMéxico :bUnion Tipografica Editorial Hispano Americana,c1946. a2 volúmenes 7aSistema musculoesquelético2dcs951841 aFracturas921107 aEsguinces y torceduras921254 aLuxaciones925345 7aHeridas y lesiones2dcs933486 cBOOK c73456d73456 001040708HIS. MEDICaBMbBMd1997-11-21eMaterial adquirido por donacióniC204434l0oWE175 K4-46p61000000557609r2023-04-21 00:00:00t1w2023-04-21yBOOKI